[Event "2023 Welsh Championship"]
[Site "Cardiff"]
[Date "2023.04.10"]
[Round "6"]
[Board "5"]
[White "Davis, Lee"]
[Black "Morris, Charles F"]
[Result "0-1"]
[WhiteElo "1906"]
[BlackElo "2081"]
[PlyCount "0"]
[EventDate "2023.04.07"]
[EventRounds "7"]
[EventCountry "WLS"]

1. d4 {[%clk 01:30:56]} {[%emt 00:00:03]} e6 {[%clk 01:30:32]} {[%emt
00:00:28]} 2. c4 {[%clk 01:31:09]} {[%emt 00:00:16]} Bb4+ {[%clk 01:30:48]}
{[%emt 00:00:15]} 3. Bd2 {[%clk 01:31:19]} {[%emt 00:00:21]} a5 {[%clk
01:31:12]} {[%emt 00:00:06]} 4. g3 {[%clk 01:31:41]} {[%emt 00:00:08]} Nf6
{[%clk 01:16:20]} {[%emt 00:15:22]} 5. Bg2 {[%clk 01:22:43]} {[%emt 00:09:28]}
O-O {[%clk 01:16:35]} {[%emt 00:00:15]} 6. Nc3 {[%clk 01:22:03]} {[%emt
00:01:10]} d5 {[%clk 01:15:31]} {[%emt 00:01:34]} 7. a3 {[%clk 01:19:03]}
{[%emt 00:03:31]} Bxc3 {[%clk 01:13:12]} {[%emt 00:02:48]} 8. bxc3 {[%clk
01:19:23]} {[%emt 00:00:10]} Ne4 {[%clk 01:12:41]} {[%emt 00:01:00]} 9. Nf3
{[%clk 01:17:25]} {[%emt 00:02:28]} Nd7 {[%clk 01:09:19]} {[%emt 00:03:53]} 10.
Qc2 {[%clk 01:06:06]} {[%emt 00:11:50]} Ndf6 {[%clk 01:07:21]} {[%emt
00:02:28]} 11. Bg5 {[%clk 01:00:18]} {[%emt 00:06:18]} b6 {[%clk 01:00:26]}
{[%emt 00:07:25]} 12. Bxf6 {[%clk 00:58:20]} {[%emt 00:02:29]} Qxf6 {[%clk
01:00:16]} {[%emt 00:00:40]} 13. O-O {[%clk 00:58:45]} {[%emt 00:00:05]} Ba6
{[%clk 00:56:13]} {[%emt 00:04:32]} 14. Ne5 {[%clk 00:57:13]} {[%emt 00:02:02]}
Qf5 {[%clk 00:55:49]} {[%emt 00:00:54]} 15. cxd5 {[%clk 00:55:23]} {[%emt
00:02:20]} exd5 {[%clk 00:56:13]} {[%emt 00:00:07]} 16. Bxe4 {[%clk 00:45:51]}
{[%emt 00:10:01]} Qxe4 {[%clk 00:56:09]} {[%emt 00:00:33]} 17. Qxe4 {[%clk
00:43:05]} {[%emt 00:03:16]} dxe4 {[%clk 00:56:37]} {[%emt 00:00:02]} 18. Rfe1
{[%clk 00:39:33]} {[%emt 00:04:03]} Rfe8 {[%clk 00:54:39]} {[%emt 00:02:27]} 19.
Ng4 {[%clk 00:39:33]} {[%emt 00:00:30]} Rad8 {[%clk 00:53:24]} {[%emt
00:01:45]} 20. Ne3 {[%clk 00:38:44]} {[%emt 00:01:18]} g5 {[%clk 00:51:34]}
{[%emt 00:02:20]} 21. Ra2 {[%clk 00:37:31]} {[%emt 00:01:44]} Kg7 {[%clk
00:51:47]} {[%emt 00:00:17]} 22. f3 {[%clk 00:36:43]} {[%emt 00:01:18]} Kg6
{[%clk 00:51:30]} {[%emt 00:00:46]} 23. fxe4 {[%clk 00:35:11]} {[%emt
00:02:03]} Rxe4 {[%clk 00:51:39]} {[%emt 00:00:20]} 24. Ng2 {[%clk 00:35:02]}
{[%emt 00:00:40]} h5 {[%clk 00:50:54]} {[%emt 00:01:15]} 25. Kf2 {[%clk
00:33:26]} {[%emt 00:02:06]} Rd6 {[%clk 00:47:22]} {[%emt 00:04:01]} 26. e3
{[%clk 00:30:57]} {[%emt 00:02:59]} Rf6+ {[%clk 00:42:47]} {[%emt 00:05:05]} 27.
Kg1 {[%clk 00:31:20]} {[%emt 00:00:07]} Rc6 {[%clk 00:37:51]} {[%emt 00:05:26]}
28. Rc1 {[%clk 00:29:36]} {[%emt 00:02:13]} Rc4 {[%clk 00:35:17]} {[%emt
00:03:04]} 29. Kf2 {[%clk 00:28:19]} {[%emt 00:01:47]} Re6 {[%clk 00:34:06]}
{[%emt 00:01:40]} 30. Ne1 {[%clk 00:26:45]} {[%emt 00:02:04]} Rf6+ {[%clk
00:32:55]} {[%emt 00:01:41]} 31. Kg1 {[%clk 00:26:42]} {[%emt 00:00:33]} Ra4
{[%clk 00:32:51]} {[%emt 00:00:33]} 32. Rca1 {[%clk 00:26:38]} {[%emt
00:00:35]} Bc4 {[%clk 00:31:26]} {[%emt 00:01:55]} 33. Rd2 {[%clk 00:23:55]}
{[%emt 00:03:13]} Rf1+ {[%clk 00:29:00]} {[%emt 00:02:56]} 34. Kg2 {[%clk
00:24:19]} {[%emt 00:00:06]} Rf5 {[%clk 00:29:23]} {[%emt 00:00:07]} 35. e4
{[%clk 00:18:02]} {[%emt 00:06:47]} Rb5 {[%clk 00:29:26]} {[%emt 00:00:26]} 36.
d5 {[%clk 00:17:36]} {[%emt 00:00:57]} Rb3 {[%clk 00:29:24]} {[%emt 00:00:31]}
37. Nd3 {[%clk 00:17:45]} {[%emt 00:00:20]} Bxd3 {[%clk 00:28:14]} {[%emt
00:01:40]} 38. Rxd3 {[%clk 00:18:11]} {[%emt 00:00:05]} Rxe4 {[%clk 00:28:40]}
{[%emt 00:00:04]} 39. d6 {[%clk 00:18:17]} {[%emt 00:00:24]} cxd6 {[%clk
00:28:32]} {[%emt 00:00:38]} 40. Rxd6+ {[%clk 00:18:44]} {[%emt 00:00:04]} Kg7
{[%clk 00:28:52]} {[%emt 00:00:08]} 41. Rd7 {[%clk 00:18:01]} {[%emt 00:01:14]}
Rb2+ {[%clk 00:28:00]} {[%emt 00:01:22]} 42. Kf3 {[%clk 00:17:36]} {[%emt
00:00:54]} Rbe2 {[%clk 00:28:16]} {[%emt 00:00:14]}  0-1

[Event "2023 Welsh Championship"]
[Site "Cardiff"]
[Date "2023.04.10"]
[Round "6"]
[Board "6"]
[White "Musson, Adam J"]
[Black "Pleasants, Allan J"]
[Result "1-0"]
[WhiteElo "2002"]
[BlackElo "1975"]
[PlyCount "0"]
[EventDate "2023.04.07"]
[EventRounds "7"]
[EventCountry "WLS"]

1. e4 {[%clk 01:30:55]} {[%emt 00:00:04]} g6 {[%clk 01:30:57]} {[%emt
00:00:04]} 2. d4 {[%clk 01:31:09]} {[%emt 00:00:16]} Bg7 {[%clk 01:31:23]}
{[%emt 00:00:04]} 3. Nc3 {[%clk 01:31:24]} {[%emt 00:00:14]} d6 {[%clk
01:31:24]} {[%emt 00:00:30]} 4. Be3 {[%clk 01:31:12]} {[%emt 00:00:42]} a6
{[%clk 01:29:15]} {[%emt 00:02:39]} 5. g4 {[%clk 01:30:21]} {[%emt 00:01:20]}
b5 {[%clk 01:25:45]} {[%emt 00:04:01]} 6. Bg2 {[%clk 01:28:39]} {[%emt
00:02:10]} Bb7 {[%clk 01:25:09]} {[%emt 00:01:07]} 7. h4 {[%clk 01:25:06]}
{[%emt 00:04:03]} h6 {[%clk 01:24:06]} {[%emt 00:01:33]} 8. Nge2 {[%clk
01:22:43]} {[%emt 00:02:53]} Nd7 {[%clk 01:22:12]} {[%emt 00:02:25]} 9. Ng3
{[%clk 01:18:08]} {[%emt 00:05:04]} c6 {[%clk 01:13:18]} {[%emt 00:09:24]} 10.
Qd2 {[%clk 01:14:04]} {[%emt 00:04:34]} Nb6 {[%clk 01:11:28]} {[%emt 00:02:20]}
11. b3 {[%clk 01:11:45]} {[%emt 00:02:49]} Qc7 {[%clk 01:04:40]} {[%emt
00:07:18]} 12. O-O {[%clk 01:08:07]} {[%emt 00:04:08]} Nf6 {[%clk 01:03:23]}
{[%emt 00:01:47]} 13. f3 {[%clk 01:07:22]} {[%emt 00:01:15]} Nfd7 {[%clk
01:00:41]} {[%emt 00:03:11]} 14. Rad1 {[%clk 01:00:04]} {[%emt 00:07:48]} c5
{[%clk 00:56:11]} {[%emt 00:05:00]} 15. dxc5 {[%clk 00:56:00]} {[%emt
00:04:35]} dxc5 {[%clk 00:49:43]} {[%emt 00:06:58]} 16. Nge2 {[%clk 00:51:53]}
{[%emt 00:04:36]} h5 {[%clk 00:48:22]} {[%emt 00:01:51]} 17. g5 {[%clk
00:51:55]} {[%emt 00:00:28]} Rd8 {[%clk 00:35:42]} {[%emt 00:13:10]} 18. f4
{[%clk 00:45:28]} {[%emt 00:06:56]} O-O {[%clk 00:34:44]} {[%emt 00:01:29]} 19.
Qe1 {[%clk 00:39:11]} {[%emt 00:06:47]} b4 {[%clk 00:22:42]} {[%emt 00:12:32]}
20. Nb1 {[%clk 00:37:16]} {[%emt 00:02:25]} a5 {[%clk 00:21:50]} {[%emt
00:01:23]} 21. Qf2 {[%clk 00:31:05]} {[%emt 00:06:40]} c4 {[%clk 00:20:39]}
{[%emt 00:01:42]} 22. Nd2 {[%clk 00:31:02]} {[%emt 00:00:32]} c3 {[%clk
00:20:28]} {[%emt 00:00:40]} 23. Nf3 {[%clk 00:26:23]} {[%emt 00:05:09]} Bxe4
{[%clk 00:19:30]} {[%emt 00:01:28]} 24. Ng3 {[%clk 00:26:37]} {[%emt 00:00:16]}
Ba8 {[%clk 00:16:23]} {[%emt 00:03:38]} 25. Nd4 {[%clk 00:23:39]} {[%emt
00:03:28]} e6 {[%clk 00:10:24]} {[%emt 00:06:29]} 26. Ne4 {[%clk 00:21:51]}
{[%emt 00:02:18]} Nd5 {[%clk 00:09:51]} {[%emt 00:01:03]} 27. Nb5 {[%clk
00:19:41]} {[%emt 00:02:41]} Qb8 {[%clk 00:10:06]} {[%emt 00:00:14]} 28. a4
{[%clk 00:19:47]} {[%emt 00:00:25]} Nxe3 {[%clk 00:08:42]} {[%emt 00:01:53]} 29.
Qxe3 {[%clk 00:20:03]} {[%emt 00:00:13]} Nb6 {[%clk 00:06:51]} {[%emt
00:02:22]} 30. Nf6+ {[%clk 00:14:38]} {[%emt 00:05:55]} Kh8 {[%clk 00:05:11]}
{[%emt 00:02:10]} 31. Bxa8 {[%clk 00:14:44]} {[%emt 00:00:24]} Bxf6 {[%clk
00:04:29]} {[%emt 00:01:11]} 32. gxf6 {[%clk 00:13:41]} {[%emt 00:01:34]} Nxa8
{[%clk 00:04:36]} {[%emt 00:00:23]} 33. f5 {[%clk 00:12:57]} {[%emt 00:01:14]}
Kh7 {[%clk 00:04:24]} {[%emt 00:00:42]} 34. fxg6+ {[%clk 00:12:52]} {[%emt
00:00:35]} fxg6 {[%clk 00:04:43]} {[%emt 00:00:12]} 35. Rxd8 {[%clk 00:12:45]}
{[%emt 00:00:37]} Qxd8 {[%clk 00:04:24]} {[%emt 00:00:49]} 36. Qa7+ {[%emt
00:02:03]}  1-0

[Event "2023 Welsh Championship"]
[Site "Cardiff"]
[Date "2023.04.10"]
[Round "6"]
[Board "7"]
[White "Hatchett, Paul"]
[Black "Turner, Joseph David"]
[Result "1-0"]
[WhiteElo "1967"]
[BlackElo "1862"]
[PlyCount "0"]
[EventDate "2023.04.07"]
[EventRounds "7"]
[EventCountry "WLS"]

1. d4 {[%clk 01:30:56]} {[%emt 00:00:02]} Nf6 {[%clk 01:26:26]} {[%emt
00:04:32]} 2. Nf3 {[%clk 01:31:09]} {[%emt 00:00:18]} g6 {[%clk 01:23:27]}
{[%emt 00:03:31]} 3. c4 {[%clk 01:31:32]} {[%emt 00:00:06]} Bg7 {[%clk
01:23:47]} {[%emt 00:00:10]} 4. Nc3 {[%clk 01:31:57]} {[%emt 00:00:05]} O-O
{[%clk 01:24:06]} {[%emt 00:00:12]} 5. Bg5 {[%clk 01:32:23]} {[%emt 00:00:03]}
Na6 {[%clk 01:24:22]} {[%emt 00:00:14]} 6. e3 {[%clk 01:31:55]} {[%emt
00:00:57]} c5 {[%clk 01:24:14]} {[%emt 00:00:39]} 7. d5 {[%clk 01:32:20]}
{[%emt 00:00:04]} Qa5 {[%clk 01:18:22]} {[%emt 00:06:23]} 8. Nd2 {[%clk
01:26:07]} {[%emt 00:06:43]} d6 {[%clk 01:12:25]} {[%emt 00:06:28]} 9. Be2
{[%clk 01:23:44]} {[%emt 00:02:51]} b5 {[%clk 00:59:47]} {[%emt 00:13:09]} 10.
cxb5 {[%clk 01:16:59]} {[%emt 00:07:15]} Nc7 {[%clk 00:58:26]} {[%emt
00:01:47]} 11. Nc4 {[%clk 01:17:20]} {[%emt 00:00:14]} Qb4 {[%clk 00:53:39]}
{[%emt 00:05:17]} 12. a3 {[%clk 01:17:24]} {[%emt 00:00:26]} Qxc3+ {[%clk
00:53:13]} {[%emt 00:00:55]} 13. bxc3 {[%clk 01:17:48]} {[%emt 00:00:06]} Ne4
{[%clk 00:53:40]} {[%emt 00:00:03]} 14. Bxe7 {[%clk 01:14:20]} {[%emt
00:03:58]} Re8 {[%clk 00:44:04]} {[%emt 00:10:07]} 15. Bh4 {[%clk 01:05:21]}
{[%emt 00:09:28]} Nxc3 {[%clk 00:37:31]} {[%emt 00:07:04]} 16. Qc2 {[%clk
01:02:33]} {[%emt 00:03:17]} N7xb5 {[%clk 00:35:45]} {[%emt 00:02:17]} 17. Rc1
{[%clk 00:28:51]} {[%emt 00:34:10]} Nd4 {[%clk 00:15:19]} {[%emt 00:20:57]} 18.
exd4 {[%clk 00:28:19]} {[%emt 00:01:02]} Nxe2 {[%clk 00:11:33]} {[%emt
00:04:16]} 19. Qxe2 {[%clk 00:28:10]} {[%emt 00:00:39]} Bg4 {[%clk 00:11:01]}
{[%emt 00:01:02]} 20. f3 {[%clk 00:28:19]} {[%emt 00:00:21]} Rxe2+ {[%clk
00:10:48]} {[%emt 00:00:42]} 21. Kxe2 {[%clk 00:28:44]} {[%emt 00:00:05]} Re8+
{[%clk 00:11:05]} {[%emt 00:00:13]} 22. Kd1 {[%clk 00:27:58]} {[%emt 00:01:16]}
Bd7 {[%clk 00:11:06]} {[%emt 00:00:28]} 23. Bg5 {[%clk 00:26:23]} {[%emt
00:02:06]} Ba4+ {[%clk 00:10:14]} {[%emt 00:01:23]} 24. Kd2 {[%clk 00:26:46]}
{[%emt 00:00:06]} f6 {[%clk 00:08:36]} {[%emt 00:02:08]} 25. Bf4 {[%clk
00:27:08]} {[%emt 00:00:07]} cxd4 {[%clk 00:06:32]} {[%emt 00:02:35]} 26. Rhe1
{[%clk 00:27:03]} {[%emt 00:00:34]} Re5 {[%clk 00:04:29]} {[%emt 00:02:34]} 27.
Rb1 {[%clk 00:24:31]} {[%emt 00:03:01]} h5 {[%clk 00:01:58]} {[%emt 00:03:02]}
28. Rb4 {[%clk 00:23:04]} {[%emt 00:01:57]}  1-0

[Event "2023 Welsh Championship"]
[Site "Cardiff"]
[Date "2023.04.10"]
[Round "6"]
[Board "8"]
[White "Smith, Lynda"]
[Black "Van Kemenade, Rudy"]
[Result "0-1"]
[WhiteElo "1786"]
[BlackElo "1936"]
[PlyCount "0"]
[EventDate "2023.04.07"]
[EventRounds "7"]
[EventCountry "WLS"]

1. e4 {[%clk 01:28:31]} {[%emt 00:02:28]} e5 {[%clk 01:30:53]} {[%emt
00:00:07]} 2. Nf3 {[%clk 01:28:43]} {[%emt 00:00:19]} Nf6 {[%clk 01:31:16]}
{[%emt 00:00:06]} 3. Bc4 {[%clk 01:28:31]} {[%emt 00:00:43]} Nxe4 {[%clk
01:30:47]} {[%emt 00:00:57]} 4. d3 {[%clk 01:28:37]} {[%emt 00:00:25]} Nf6
{[%clk 01:31:10]} {[%emt 00:00:06]} 5. Nxe5 {[%clk 01:28:29]} {[%emt 00:00:39]}
d5 {[%clk 01:31:31]} {[%emt 00:00:08]} 6. Bb3 {[%clk 01:28:28]} {[%emt
00:00:33]} c6 {[%clk 01:31:52]} {[%emt 00:00:08]} 7. O-O {[%clk 01:28:24]}
{[%emt 00:00:34]} Be7 {[%clk 01:31:55]} {[%emt 00:00:27]} 8. h3 {[%clk
01:27:34]} {[%emt 00:01:20]} h6 {[%clk 01:32:18]} {[%emt 00:00:07]} 9. Bf4
{[%clk 01:27:20]} {[%emt 00:00:44]} Nbd7 {[%clk 01:32:04]} {[%emt 00:00:42]} 10.
Re1 {[%clk 01:25:06]} {[%emt 00:02:46]} Nc5 {[%clk 01:32:04]} {[%emt 00:00:28]}
11. Nd2 {[%clk 01:23:50]} {[%emt 00:01:48]} Ne6 {[%clk 01:32:26]} {[%emt
00:00:08]} 12. Bh2 {[%clk 01:23:26]} {[%emt 00:00:54]} O-O {[%clk 01:32:31]}
{[%emt 00:00:24]} 13. Ndf3 {[%clk 01:23:08]} {[%emt 00:00:49]} Nh5 {[%clk
01:30:36]} {[%emt 00:02:23]} 14. Qd2 {[%clk 01:21:41]} {[%emt 00:01:59]} Bg5
{[%clk 01:30:57]} {[%emt 00:00:08]} 15. Nxg5 {[%clk 01:21:29]} {[%emt
00:00:43]} hxg5 {[%clk 01:30:31]} {[%emt 00:00:55]} 16. c3 {[%clk 01:19:39]}
{[%emt 00:02:21]} Nef4 {[%clk 01:29:08]} {[%emt 00:01:51]} 17. Bd1 {[%clk
01:16:36]} {[%emt 00:03:35]} f6 {[%clk 01:28:10]} {[%emt 00:01:28]} 18. Ng4
{[%clk 01:13:50]} {[%emt 00:03:17]} d4 {[%clk 01:26:13]} {[%emt 00:02:26]} 19.
c4 {[%clk 01:07:01]} {[%emt 00:07:20]} Bf5 {[%clk 01:26:05]} {[%emt 00:00:36]}
20. Bc2 {[%clk 01:04:11]} {[%emt 00:03:22]} Qd7 {[%clk 01:26:17]} {[%emt
00:00:16]} 21. Bxf4 {[%clk 01:03:24]} {[%emt 00:01:19]} Nxf4 {[%clk 01:24:28]}
{[%emt 00:02:17]} 22. f3 {[%clk 01:00:29]} {[%emt 00:03:26]} Bxg4 {[%clk
01:21:23]} {[%emt 00:03:35]} 23. fxg4 {[%clk 00:58:36]} {[%emt 00:02:24]} Rae8
{[%clk 01:21:29]} {[%emt 00:00:23]} 24. Kh2 {[%clk 00:57:49]} {[%emt 00:01:18]}
Ng6 {[%clk 01:20:17]} {[%emt 00:01:41]} 25. Rxe8 {[%clk 00:55:57]} {[%emt
00:02:23]} Rxe8 {[%clk 01:19:50]} {[%emt 00:00:56]} 26. Re1 {[%clk 00:55:50]}
{[%emt 00:00:38]} Qd6+ {[%clk 01:20:08]} {[%emt 00:00:10]} 27. Kh1 {[%clk
00:54:54]} {[%emt 00:01:26]} Re5 {[%clk 01:20:23]} {[%emt 00:00:14]} 28. Re4
{[%clk 00:52:12]} {[%emt 00:03:14]} Qe7 {[%clk 01:15:40]} {[%emt 00:05:11]} 29.
Qf2 {[%clk 00:50:39]} {[%emt 00:02:04]} Rxe4 {[%clk 01:15:41]} {[%emt
00:00:29]} 30. dxe4 {[%clk 00:50:56]} {[%emt 00:00:14]} Qe5 {[%clk 01:16:00]}
{[%emt 00:00:09]} 31. g3 {[%clk 00:49:11]} {[%emt 00:02:16]} Nf8 {[%clk
01:15:05]} {[%emt 00:01:24]} 32. Bd3 {[%clk 00:47:12]} {[%emt 00:02:31]} Ne6
{[%clk 01:15:27]} {[%emt 00:00:07]} 33. b4 {[%clk 00:46:36]} {[%emt 00:01:07]}
c5 {[%clk 01:14:56]} {[%emt 00:01:00]} 34. a3 {[%clk 00:46:07]} {[%emt
00:01:00]} cxb4 {[%clk 01:14:41]} {[%emt 00:00:45]} 35. axb4 {[%clk 00:46:32]}
{[%emt 00:00:05]} a5 {[%clk 01:15:05]} {[%emt 00:00:06]} 36. bxa5 {[%clk
00:46:05]} {[%emt 00:00:57]} Qxa5 {[%clk 01:15:27]} {[%emt 00:00:07]} 37. Kg2
{[%clk 00:44:59]} {[%emt 00:01:36]} Qc3 {[%clk 01:15:28]} {[%emt 00:00:28]} 38.
Qc2 {[%clk 00:43:53]} {[%emt 00:01:37]} Qxc2+ {[%clk 01:15:40]} {[%emt
00:00:18]} 39. Bxc2 {[%clk 00:44:15]} {[%emt 00:00:07]} Nc5 {[%clk 01:15:46]}
{[%emt 00:00:24]} 40. Kf3 {[%clk 00:44:10]} {[%emt 00:00:36]} Kf7 {[%clk
01:16:09]} {[%emt 00:00:06]} 41. h4 {[%clk 00:43:33]} {[%emt 00:01:07]} Ke6
{[%clk 01:16:17]} {[%emt 00:00:22]} 42. hxg5 {[%clk 00:33:56]} {[%emt
00:10:08]} fxg5 {[%clk 01:15:28]} {[%emt 00:01:18]} 43. e5 {[%clk 00:33:26]}
{[%emt 00:01:01]} Kxe5 {[%clk 01:15:46]} {[%emt 00:00:12]} 44. Bf5 {[%clk
00:33:42]} {[%emt 00:00:14]} b6 {[%clk 01:15:46]} {[%emt 00:00:31]} 45. Bg6
{[%clk 00:33:24]} {[%emt 00:00:48]} Na4 {[%clk 01:15:51]} {[%emt 00:00:25]} 46.
Bf7 {[%clk 00:33:08]} {[%emt 00:00:47]} Nb2 {[%clk 01:16:12]} {[%emt 00:00:09]}
47. Bg8 {[%clk 00:32:27]} {[%emt 00:01:11]} Kd6 {[%clk 01:16:34]} {[%emt
00:00:08]} 48. Ke4 {[%clk 00:31:11]} {[%emt 00:01:45]} Kc5 {[%clk 01:16:54]}
{[%emt 00:00:10]}  0-1

[Event "2023 Welsh Championship"]
[Site "Cardiff"]
[Date "2023.04.10"]
[Round "6"]
[Board "9"]
[White "Mckenna, Joshua"]
[Black "Rathbone-Jones, Ifan"]
[Result "0-1"]
[WhiteElo "1688"]
[BlackElo "1946"]
[PlyCount "0"]
[EventDate "2023.04.07"]
[EventRounds "7"]
[EventCountry "WLS"]

1. e4 {[%clk 01:30:57]} {[%emt 00:00:02]} c5 {[%clk 01:30:54]} {[%emt
00:00:07]} 2. c3 {[%clk 01:31:12]} {[%emt 00:00:15]} d5 {[%clk 01:31:18]}
{[%emt 00:00:06]} 3. exd5 {[%clk 01:31:09]} {[%emt 00:00:33]} Qxd5 {[%clk
01:31:41]} {[%emt 00:00:07]} 4. Nf3 {[%clk 01:31:19]} {[%emt 00:00:20]} Bg4
{[%clk 01:30:46]} {[%emt 00:01:25]} 5. Be2 {[%clk 01:29:32]} {[%emt 00:02:17]}
Nc6 {[%clk 01:28:11]} {[%emt 00:03:05]} 6. O-O {[%clk 01:25:40]} {[%emt
00:04:22]} Nf6 {[%clk 01:27:26]} {[%emt 00:01:16]} 7. d4 {[%clk 01:22:02]}
{[%emt 00:04:08]} cxd4 {[%clk 01:20:11]} {[%emt 00:07:44]} 8. Nxd4 {[%clk
01:21:21]} {[%emt 00:01:11]} Bxe2 {[%clk 01:20:10]} {[%emt 00:00:31]} 9. Nxe2
{[%clk 01:21:41]} {[%emt 00:00:10]} e5 {[%clk 01:17:42]} {[%emt 00:02:58]} 10.
Qxd5 {[%clk 01:18:09]} {[%emt 00:04:01]} Nxd5 {[%clk 01:18:03]} {[%emt
00:00:09]} 11. Nd2 {[%clk 01:16:19]} {[%emt 00:02:20]} O-O-O {[%clk 01:15:43]}
{[%emt 00:02:50]} 12. Ng3 {[%clk 01:10:31]} {[%emt 00:06:17]} g6 {[%clk
01:08:06]} {[%emt 00:08:08]} 13. c4 {[%clk 01:05:26]} {[%emt 00:05:36]} Nb6
{[%clk 01:04:41]} {[%emt 00:03:55]} 14. b3 {[%clk 01:03:28]} {[%emt 00:02:28]}
Nd4 {[%clk 00:56:28]} {[%emt 00:08:43]} 15. Nde4 {[%clk 00:57:49]} {[%emt
00:06:08]} Be7 {[%clk 00:43:33]} {[%emt 00:13:25]} 16. Bg5 {[%clk 00:52:52]}
{[%emt 00:05:27]} Bxg5 {[%clk 00:43:39]} {[%emt 00:00:24]} 17. Nxg5 {[%clk
00:53:16]} {[%emt 00:00:06]} Rd7 {[%clk 00:44:03]} {[%emt 00:00:07]} 18. N5e4
{[%clk 00:51:21]} {[%emt 00:02:24]} f5 {[%clk 00:40:48]} {[%emt 00:03:46]} 19.
Nc3 {[%clk 00:48:26]} {[%emt 00:03:24]} Rhd8 {[%clk 00:37:03]} {[%emt
00:04:15]} 20. Nge2 {[%clk 00:45:45]} {[%emt 00:03:11]} Nxe2+ {[%clk 00:35:41]}
{[%emt 00:01:53]} 21. Nxe2 {[%clk 00:46:08]} {[%emt 00:00:06]} Rd2 {[%clk
00:36:05]} {[%emt 00:00:05]} 22. Nc3 {[%clk 00:45:43]} {[%emt 00:00:56]} a6
{[%clk 00:31:54]} {[%emt 00:04:42]} 23. c5 {[%clk 00:34:43]} {[%emt 00:11:29]}
Nd5 {[%clk 00:31:53]} {[%emt 00:00:31]} 24. Nxd5 {[%clk 00:33:53]} {[%emt
00:01:20]} R8xd5 {[%clk 00:32:18]} {[%emt 00:00:05]} 25. b4 {[%clk 00:31:04]}
{[%emt 00:03:19]} Kc7 {[%clk 00:32:29]} {[%emt 00:00:19]} 26. f3 {[%clk
00:29:46]} {[%emt 00:01:47]} Kc6 {[%clk 00:31:25]} {[%emt 00:01:35]} 27. a4
{[%clk 00:28:25]} {[%emt 00:01:51]} R5d4 {[%clk 00:25:47]} {[%emt 00:06:08]} 28.
b5+ {[%clk 00:24:35]} {[%emt 00:04:20]} axb5 {[%clk 00:24:56]} {[%emt
00:01:21]} 29. axb5+ {[%clk 00:24:56]} {[%emt 00:00:09]} Kxc5 {[%clk 00:24:40]}
{[%emt 00:00:46]} 30. Rfc1+ {[%clk 00:24:48]} {[%emt 00:00:37]} Kb6 {[%clk
00:24:04]} {[%emt 00:01:06]} 31. Rab1 {[%clk 00:24:49]} {[%emt 00:00:29]} Rd7
{[%clk 00:21:28]} {[%emt 00:03:07]} 32. Re1 {[%clk 00:21:41]} {[%emt 00:03:37]}
R2d5 {[%clk 00:20:54]} {[%emt 00:01:04]} 33. Kf2 {[%clk 00:21:06]} {[%emt
00:01:04]} Rc7 {[%clk 00:19:32]} {[%emt 00:01:53]} 34. Ke3 {[%clk 00:19:52]}
{[%emt 00:01:44]} Rc3+ {[%clk 00:19:55]} {[%emt 00:00:07]} 35. Kf2 {[%clk
00:19:16]} {[%emt 00:01:06]} Rc2+ {[%clk 00:20:11]} {[%emt 00:00:15]} 36. Kf1
{[%clk 00:19:40]} {[%emt 00:00:06]} Rcc5 {[%clk 00:20:33]} {[%emt 00:00:08]} 37.
Red1 {[%clk 00:18:55]} {[%emt 00:01:15]} h5 {[%clk 00:18:59]} {[%emt 00:02:05]}
38. h4 {[%clk 00:19:08]} {[%emt 00:00:16]} Rxd1+ {[%clk 00:17:22]} {[%emt
00:02:07]} 39. Rxd1 {[%clk 00:19:32]} {[%emt 00:00:06]} Kxb5 {[%clk 00:17:49]}
{[%emt 00:00:03]} 40. Rd6 {[%clk 00:19:41]} {[%emt 00:00:21]} Rc6 {[%clk
00:18:14]} {[%emt 00:00:06]} 41. Rd5+ {[%clk 00:20:05]} {[%emt 00:00:05]} Kc4
{[%clk 00:18:33]} {[%emt 00:00:11]} 42. Rxe5 {[%clk 00:20:17]} {[%emt
00:00:17]} b5 {[%clk 00:18:58]} {[%emt 00:00:05]} 43. g4 {[%clk 00:19:52]}
{[%emt 00:00:55]} fxg4 {[%clk 00:17:45]} {[%emt 00:01:43]} 44. fxg4 {[%clk
00:20:14]} {[%emt 00:00:08]} hxg4 {[%clk 00:15:25]} {[%emt 00:02:50]} 45. Re4+
{[%clk 00:20:24]} {[%emt 00:00:20]} Kc3 {[%clk 00:15:43]} {[%emt 00:00:12]} 46.
Rxg4 {[%clk 00:20:35]} {[%emt 00:00:19]} b4 {[%clk 00:16:06]} {[%emt 00:00:06]}
47. Ke1 {[%clk 00:19:28]} {[%emt 00:01:37]} b3 {[%clk 00:16:19]} {[%emt
00:00:17]} 48. Rg3+ {[%clk 00:19:12]} {[%emt 00:00:45]} Kc2 {[%clk 00:16:38]}
{[%emt 00:00:12]} 49. Rg2+ {[%clk 00:17:13]} {[%emt 00:02:29]} Kc1 {[%clk
00:17:01]} {[%emt 00:00:07]}  0-1